000 01409cab a22002535a 4500
001 L153274
008 110704e20110626xxk 000 0 eng d
035 _a(Sirsi) u153274
041 0 _aeng
100 1 _aHodgekiss, Anna
245 0 0 _aMarkets
_bHerts, Beds, Bucks and Oxon
260 _c2011
490 0 _aProperty Week
_v77(25) 26 June 2011, 65-70(4)
520 _aPlanning Inspectorate finds Stevenage Borough Council's core strategy to build 20 000 homes to be unsound. Bidwells opens new office in Oxford to gain investment business from the university colleges. Henry Boot in joint venture with Watford Borough Council is to redevelop Watford's Charter Place as a retail and leisure centre. Bedford secures two of its biggest industrial deals: Irish construction company Vision Modular Systems taking 135 000 sq ft of industrial space and international bakery group Lantmannen Unibake an 80 000sq ft shed. The Crown Estate and Land Securities seek to double the size of their Westgate shopping centre in Oxford .
590 _aKA
651 4 _aHertfordshire
651 4 _aBedfordshire
651 4 _aBuckinghamshire
651 4 _aOxfordshire
690 _aPROPERTY-RESIDENTIAL PROPERTY-RESIDENTIAL PROPERTY MARKET
690 _aPROPERTY-COMMERCIAL PROPERTY-COMMERCIAL PROPERTY MARKET
690 _aPROPERTY-COMMERCIAL PROPERTY-COMMERCIAL PROPERTY FINANCE AND INVESTMENT
942 _n0
999 _c83249
_d83249